Tạp chí giáo dục, số 319

Đã lưu trong:
書目詳細資料
格式: 未知
出版: 2013
標簽: 添加標簽
沒有標簽, 成為第一個標記此記錄!
Thư viện lưu trữ: Mạng thư viện Đại học Đà Nẵng
LEADER 00685na a2200205 4500
001 000032283
003 8363
005 20151002091327.0
008 151002s2013 000
082 |a 959.7370 
245 |a Tạp chí giáo dục, số 319  |c Nguyễn Huy Huấn 
260 |c 2013 
OWN |a LNN 
AVA |a UDN50  |b LNN  |d 959.7370  |e available  |t Error 5001 Not defined in file expand_doc_bib_avail.  |f 1  |g 0  |h N  |i 0  |k 1 
999 |a From the UDN01 
AVA |a UDN50  |b LNN  |d 959.7370  |e available  |t Error 5001 Not defined in file expand_doc_bib_avail.  |f 1  |g 0  |h N  |i 0  |k 1 
TYP |a Printed language 
980 |a Mạng thư viện Đại học Đà Nẵng